| 000 | 00870nam a22002297a 4500 | ||
|---|---|---|---|
| 005 | 20140807131123.0 | ||
| 008 | 140714b xxu||||| |||| 00| 0 Urdu d | ||
| 010 | _aUR-221 | ||
| 020 | _c375.00 | ||
| 035 | _aU-221 | ||
| 037 | _bBPPD/Publishers/Venders | ||
| 040 |
_aDPL _bUrdu |
||
| 082 | _a 920 | ||
| 100 | _aمتر جم: ا نو نو محمو د خا ن | ||
| 245 |
_aThe Hundred _cمتر جم: ا نو نو محمو د خا ن |
||
| 246 |
_aThe Hundred _bTr.byAnono Mahmood Khan |
||
| 260 |
_bAuraaque Publications _bStar Publications.( Vender) _c2014 |
||
| 260 | _a4/5Asaf Ali Road,New Delhi-110002 | ||
| 270 |
_aA-170,گر ا ؤ نڈ فلو ر سو ر يہ ا پا ر ٹمينٹ،د لشا د کا لو نی _bدھلی _e110095 _k9899706640 |
||
| 300 |
_a410ص _c22Cm(Pb) |
||
| 942 |
_2ddc _cUR _mا ن و _h 920 |
||
| 999 |
_c87680 _d87680 |
||